000 00310nam a22001337a 4500
008 171004b xxu||||| |||| 00| 0 eng d
020 _a0870410342
041 _aeng
080 _216TH
_a159.9
100 _a48
101 _aPSI
245 _aREVIEW OF PHYSIOLOGICAL CHEMISTRY
_cHARPER,H.A
942 _2udc
_cBK
999 _c31735
_d31735